Вопросы иммунитета (Запис номер 415275)
[ съкратено ]
| 000 -Лидер | |
|---|---|
| Контролно поле с фиксирана дължина | nam a22 a 4500 |
| 003 - Код на организацията, давaща контролен номер | |
| Контролно поле | BLK |
| 005 - Дата и час на последна редакция | |
| Контролно поле | 20210520101120.0 |
| 008 - Елементи от данни с фиксирана дължина | |
| fixed length control field | 210520b bu |||||r|||| 00| 0 bu d |
| 040 ## - Източник на каталожния запис | |
| Идентификатор на билиотеката - собственик на записа | BLK |
| 041 ## - Код за език | |
| Код за езика на текст/звукозапис или на отделно заглавие | Руски |
| Код за езика КДБФ | Руски |
| 080 ## - УДК | |
| Текстов определител УДК | Имунитет. Приспособяемост (адаптация) на организма. Токсини. Антитоксини |
| УДК код - определител по УДК | 612.017 |
| УДК - код + определител | 612.017 |
| 100 ## - Редна дума - Автор | |
| R(LIN) | 1299 |
| Автор | Мечников, Илья Ильич |
| Авторска отговорност | първи автор |
| 139 ## - Редно поле | |
| Редна дума | Мечников, Илья Ильич |
| Авторски знак | Меч - М 52 |
| 245 ## - Сведения за заглавието | |
| Заглавие | Вопросы иммунитета |
| Подзаглавни данни | Избранные труды |
| Редно поле (дума) | И. И. Мечников ; ред. Л. А. Зильбера |
| 257 ## - Страна на издаване | |
| Страна на създаване/издаване | Русия |
| 260 ## - Област на издателските данни | |
| 9 (RLIN) | 438204 |
| Място на издаване, разпространение и проч. | Москва |
| Име на издателя, разпространителя и проч. | Изд-во Акад. наук СССР |
| Година на издаване | 1951 |
| 300 ## - Физическа характеристика | |
| Страници | 735 с. |
| Илюстрации и др. | 12 л. ил. . : ил. |
| Размери/Мащаб | 23 см |
| 380 ## - Жанр | |
| Жанр | Медицина |
| 490 ## - СЕРИИ (Колекции) | |
| 9 (RLIN) | 203086 |
| Име на серия | Серия Классики науки |
| 650 #7 - Допълнително описание по предмет – тема | |
| 9 (RLIN) | 157115 |
| Основно описание – тема или топоним | Имунитет |
| 653 #7 - Ключова дума – ненормативна | |
| 9 (RLIN) | 187586 |
| Ключова дума | имунитет |
| 700 ## - Други автори (авторска отговорност) | |
| 9 (RLIN) | 1311 |
| Лично име | Зильбер, Лев Александрович |
| Автороска отговорност (Описва отношението между автора и произведението) | ред. |
| 852 ## - Местоположение | |
| Форматна сигнатура | Цб 6.225.51117 |
| Фондова буква | Основен фонд - ползва се само за читалня |
| 999 ## - СИСТЕМНИ КОНТРОЛНИ НОМЕРА | |
| Koha biblionumber | 415275 |
| Koha biblioitemnumber | 415275 |
| 942 ## - АРТИКУЛИ | |
| Вид на библиотечния материал | Книги |
| Скрит в OPAC | Не |
| Периодичен библиозапис | Да |
| 944 ## - СЪЗДАВАНЕ И РЕДАКЦИЯ на ЗАПИСА | |
| Създаване/Редакция | Създаване |
| Дата на регистрацията/редакция | 2021-05-20 |
| Служител, извършил регистрацията/редакцията | ВП |
| Код за отписване | Код за изгубен артикул | Източник на класификационната схема | Код за повреда | Коз за рестрикции | Код за отдаване | Артикулен № | Име на библиотеката - собственик | Име на библиотеката, в която се намира в момента | Статус (Текущо местоположение) | Дата на вписване в системата | Местоположение - отдел | Цена в лева | Инвентарен номер | Систематично азбучна сигнатура | Баркод | Цена в евро | Служебен тип на артикула |
|---|---|---|---|---|---|---|---|---|---|---|---|---|---|---|---|---|---|
| Не е изгубен | Universal Decimal Classification | Не е повреден | само за читалня | ползва се в читалня | 831914 | Регионална библиотека "Любен Каравелов" Русе | Регионална библиотека "Любен Каравелов" Русе | Хранилище | 2021-05-21 | Основен фонд - ползва се само за читалня | 2.40 | 5925/53 | Цб 6.225.51117 | 900000060810 | 1.23 | Книги |